Central Library OPAC University of Rajshahi

تاریخ مرثیہ گوئی / Tārīẖ-i mars̱iyah goʾī / (Record no. 85997)

MARC details
000 -LEADER
fixed length control field 00742nam a2200205 4500
001 - CONTROL NUMBER
control field 85997
003 - CONTROL NUMBER IDENTIFIER
rucl marc code BD-RjUL
005 - DATE AND TIME OF LATEST TRANSACTION
control field 20251125123419.0
008 - FIXED-LENGTH DATA ELEMENTS--GENERAL INFORMATION
fixed length control field 251125s1964 pk ||||| |||| 00| 0 urd d
035 ## - SYSTEM CONTROL NUMBER
System control number (BD-RjUL) 85997
040 ## - CATALOGING SOURCE
Original cataloging agency BD-RjUL
Language of cataloging eng
Transcribing agency BD-RjUL
041 ## - LANGUAGE CODE
Language code of text/sound track or separate title urd
082 ## - DEWEY DECIMAL CLASSIFICATION NUMBER
Edition number 23
Classification number 891.439109
Author mark and year QAT 1964
100 ## - MAIN ENTRY--PERSONAL NAME
Personal name قادری, حامد حسن ;; Qadri, Hamid Hassan
9 (RLIN) 17386
245 10 - TITLE STATEMENT
Title تاریخ مرثیہ گوئی / Tārīẖ-i mars̱iyah goʾī /
Statement of responsibility, etc. مصنفہ حامد حسن قادری, Ḥāmid Ḥasan Qādrī
260 ## - PUBLICATION, DISTRIBUTION, ETC. (IMPRINT)
Place of publication, distribution, etc. Sindh, Karācī :
Name of publisher, distributor, etc. اردو اکیڈمی / Urdū Akeḍimī
Date of publication, distribution, etc. , 1964
300 ## - PHYSICAL DESCRIPTION
Pagination 155 p. ;
Size 17 cm
650 ## - SUBJECT ADDED ENTRY--TOPICAL TERM
Topical term or geographic name as entry element اردو ادب → مرثیہ → تاریخ
9 (RLIN) 17387
942 ## - ADDED ENTRY ELEMENTS (KOHA)
Source of classification or shelving scheme Dewey Decimal Classification
Koha item type Books
Holdings
Lost status Source of classification or shelving scheme Damaged status Not for loan Collection code Permanent Location Current Location Shelving location Date acquired Total Checkouts Full call number Date last seen Copy number Koha item type
  Dewey Decimal Classification   Not For Loan Non-fiction Central Library, University of Rajshahi Central Library, University of Rajshahi Reading Room 25/11/2025   U 891.439109 QAT 1964 25/11/2025 C-1 Books